Normal view
MARC view
- Edwards Jack E., Edwards, Jack.E, Scott John C
Entry Personal Name
001 - CONTROL NUMBER
- control field: 65765
003 - CONTROL NUMBER IDENTIFIER
- control field: NUST
005 - DATE AND TIME OF LATEST TRANSACTION
- control field: 20210628203503.0
008 - FIXED-LENGTH DATA ELEMENTS
- fixed length control field: 210628|| aca||aabn | a|a d
040 ## - CATALOGING SOURCE
- Original cataloging agency: NUST
- Transcribing agency: NUST
100 ## - HEADING--PERSONAL NAME
- Personal name: Edwards Jack E., Edwards, Jack.E, Scott John C
670 ## - SOURCE DATA FOUND
- Source citation: Work cat.: (NUST): Edwards Jack E., Edwards, Jack.E, Scott John C., Evaluating human resources programs, a 6-phase approach for optimizing performance, 2007
